000 00552nam a2200193 a 4500
001 23315
003 CO-ViMGA
008 141112s2004 ck r 000 u spa d
020 _a8632300411
040 _aCO-ViMGA
_bspa
_cCO-ViMGA
082 0 4 _a930 C177i
100 1 _aCassin, Elena
_933604
245 1 0 _aLos Imperios del antiguo oriente II :
_bel fin del segundo milenio
260 _aMéxico :
_bSiglo Veintiuno
300 _a330p.
490 _aHistoria Universal Siglo XXI; v. 3
650 1 4 _aMEDIO ORIENTE - HISTORIA
_933605
942 _2ddc
_cBK
999 _c31537
_d31537